Normal view
MARC view
Entry Personal Name
001 - CONTROL NUMBER
- control field: 20539
003 - CONTROL NUMBER IDENTIFIER
- control field: dpl
005 - DATE AND TIME OF LATEST TRANSACTION
- control field: 20100917145540.0
008 - FIXED-LENGTH DATA ELEMENTS
- fixed length control field: 100917|||a|||||| | ||| d
040 ## - CATALOGING SOURCE
- Original cataloging agency: dpl
- Transcribing agency: dpl
100 ## - HEADING--PERSONAL NAME
- Personal name: Jain, M.P.
670 ## - SOURCE DATA FOUND
- Source citation: Work cat.: (dpl)35995: Jain, M.P., Indian constitutional law :, 2010
670 ## - SOURCE DATA FOUND
- Source citation: Work cat.: (dpl)35995: Jain, M.P., Indian constitutional law :, 2010
